Normal view
MARC view
Entry Nombre personal
001 - NÚMERO DE CONTROL
- campo de control: 58620
003 - IDENTIFICADOR DEL NÚMERO DE CONTROL
- campo de control: BNPHU
005 - FECHA Y HORA DE LA ÚLTIMA TRANSACCIÓN
- campo de control: 20240305122324.0
008 - DATOS DE LONGITUD FIJA
- campo de control de longitud fija: 200615|| aca||aabn | a|a d
040 ## - FUENTE DE LA CATALOGACIÓN
- Centro catalogador/agencia de origen: DO-SdBNP
- Centro/agencia transcriptor: spa
- Lengua de catalogación: BNPHU
- Normas de descripción: rda
082 #4 - SIGNATURA TOPOGRÁFICA DECIMAL DEWEY
- Número de clasificación: RD863.44
100 1# - ENCABEZAMIENTO-NOMBRE DE PERSONA
- Nombre de persona: Torres Ulloa, Alfonso
370 ## - LUGAR ASOCIADO
- Lugar de nacimiento: Cabrera, Dajabón
375 ## - GÉNERO/SEXO
- Género/Sexo: Masculino
377 ## - LENGUA/LENGUAJE ASOCIADO
- Código del idioma: spa
400 1# - TRAZADO DE VÉASE--NOMBRE DE PERSONA
- Nombre de persona: Torres U., Alfonso
670 ## - FUENTE DE DATOS ENCONTRADOS
- Cita de la fuente: Work cat.: (OSt)32292: Torres Ulloa, Alfonso, Duarte, reto de los democráticos /, 2007.
670 ## - FUENTE DE DATOS ENCONTRADOS
- Cita de la fuente: Torres Ulloa, Alfonso. Amor de fuego. Santo Domingo : Leo Antillas, 2012
